Cours lexicologique de style (Record no. 157066)

MARC details
000 -LEADER
campo de control de longitud fija 01096nam a22002655i 4500
001 - NÚMERO DE CONTROL
campo de control 157066
003 - IDENTIFICADOR DE NÚMERO DE CONTROL
campo de control ES-MaACL
005 - FECHA Y HORA DE LA ÚLTIMA TRANSACCIÓN
campo de control 20230906210557.0
008 - DATOS DE LONGITUD FIJA--INFORMACIÓN GENERAL
campo de control de longitud fija 930831q18871898fr |||| | fre d
040 ## - FUENTE DE CATALOGACIÓN
Centro catalogador/agencia de origen CAT
Lengua de catalogación spa
Centro/agencia transcriptor CAT
Centro/agencia modificador CCPB
080 #4 - NÚMERO DE LA CLASIFICACIÓN DECIMAL UNIVERSAL
Número de la Clasificación Decimal Universal 804.0
100 0# - ENTRADA PRINCIPAL--NOMBRE DE PERSONA
Nombre de persona Larousse, Pierre.
9 (RLIN) 70284
245 10 - MENCIÓN DEL TÍTULO
Título Cours lexicologique de style
Resto del título : livre du maitre /
Mención de responsabilidad, etc. par P. Larousse.
260 ## - PUBLICACIÓN, DISTRIBUCIÓN, ETC.
Lugar de publicación, distribución, etc. Paris :
Nombre del editor, distribuidor, etc. Librairie Larousse, Hollier Larousse & Cie,
Fecha de publicación, distribución, etc. [s.a. ]
300 ## - DESCRIPCIÓN FÍSICA
Extensión 278 p. ;
Dimensiones 18 cm.
490 1# - MENCIÓN DE SERIE
Mención de serie La Lexicologie des écoles : cours complet de langue française et de style
594 ## - Nota al título y mención de responsabilidad
Nota al título y mención de responsabilidad Inf. compl. del tít. en la cubierta: Autrefois Lexicologie, 2e année.
596 ## - NOTA AL PIE DE IMPRENTA
NOTA AL PIE DE IMPRENTA Fecha aprox. de publicación [entre 1887 y 1898] obtenida a partir de BNP.
650 #4 - PUNTO DE ACCESO ADICIONAL DE MATERIA--TÉRMINO DE MATERIA
Término de materia o nombre geográfico como elemento de entrada Lengua francesa-
Subdivisión de forma Libros escolares.
9 (RLIN) 14224
650 04 - PUNTO DE ACCESO ADICIONAL DE MATERIA--TÉRMINO DE MATERIA
Término de materia o nombre geográfico como elemento de entrada Lengua francesa-
Subdivisión general Gramática.
9 (RLIN) 14220
710 2# - ENTRADA AGREGADA--NOMBRE DE ENTIDAD CORPORATIVA
Nombre de entidad corporativa o nombre de jurisdicción como elemento de entrada Librairie Larousse (París)
9 (RLIN) 134631
830 0# - PUNTO DE ACCESO ADICIONAL DE SERIE-TÍTULO UNIFORME
Título uniforme La Lexicologie des écoles : cours complet de langue française et de style
9 (RLIN) 221748
852 ## - LOCALIZACIÓN
Ubicación ES-MaACL
Número de control de estantería D-2045
Nota libre -- Enc. cartón
Holdings
Estatus retirado Estado de pérdida Estado de daño No para préstamo Biblioteca de origen Biblioteca actual Ubicación en estantería Fecha de adquisición Fuente de adquisición Total de préstamos Signatura topográfica completa Código de barras Visto por última vez Precio de reemplazo Tipo de ítem Koha
        Biblioteca del Ateneo de Madrid Biblioteca del Ateneo de Madrid Sala Valle Inclán 17/01/2008     D-2045 901164334 23/02/2023 23/02/2023 Libro impreso